Statistics for Walking across Borders with Hints 2

Click here to take the quiz!

General Stats

  • This quiz has been taken 80 times
  • The average score is 22 of 25

Answer Stats

Hint Answer % Correct
One Child PolicyChina
99%
Largest country by areaRussia
97%
Where the Olympics originatedGreece
96%
Projected to be the World's most populous country by 2022India
94%
Warsaw is the capitalPoland
94%
the EU's largest economyGermany
93%
Transylvania and DraculaRomania
91%
Gained independence from the previous Country in 1947Pakistan
91%
World's most popular tourist destinationFrance
91%
Famous for Waffles and ChocolateBelgium
91%
Orange is the national colourNetherlands
91%
Sofia is the capitalBulgaria
90%
Once the centre of the Ottoman EmpireTurkey
88%
Largest city is YangonMyanmar
88%
Birth place of BuddhaNepal
88%
Coldest country in AsiaKazakhstan
88%
Looks like a boot kicking a ballItaly
87%
Where the Pope livesVatican City
87%
Tashkent is the capitalUzbekistan
87%
Lowest average income in AsiaAfghanistan
87%
Blue and Yellow flagUkraine
84%
Origin of the Kardashian nameArmenia
84%
Nation in Indochina similar in size to FranceThailand
84%
Country in Western Asia with 7% arable landAzerbaijan
81%
One of 2 countries with a square FlagSwitzerland
78%

Score Distribution

Percentile by Number Answered

Percent of People with Each Score

Your Score History

You have not taken this quiz